[Event "Rio de Janeiro op 2nd"]
[Site "Rio de Janeiro"]
[Date "2023.05.04"]
[Round "4"]
[White "Bastos Seixas, Pedro Lucas"]
[Black "Filgueiras, Nathan Felipe"]
[Result "0-1"]
[WhiteElo "2055"]
[BlackElo "2319"]
[PlyCount "104"]
[EventDate "2023.05.02"]
[EventType "swiss"]
[EventRounds "9"]
[EventCountry "BRA"]
[SourceTitle "CBM 214 Extra"]
[Source "ChessBase"]
[SourceDate "2023.07.31"]
[SourceVersion "1"]
[SourceVersionDate "2023.07.31"]
[SourceQuality "1"]

1. Nf3 Nf6 2. d4 b6 3. Bg5 Bb7 4. e3 g6 5. Nbd2 Bg7 6. Bd3 h6 7. Bh4 0-0 8. Qe2 c5 9. 0-0 Nc6 10. c3 d6 11. Rad1 a6 12. Bb1 Qc7 13. Ne4 Nxe4 14. Bxe4 e5 15. dxe5 dxe5 16. Bd5 b5 17. e4 c4 18. Ne1 g5 19. Bg3 Nd8 20. Nc2 Bxd5 21. Rxd5 Ne6 22. Ne3 Rad8 23. Rfd1 Rxd5 24. Rxd5 Rd8 25. Nf5 f6 26. h4 Bf8 27. Qg4 Rxd5 28. exd5 Nc5 29. f3 Qd7 30. hxg5 hxg5 31. Ne3 Qxg4 32. Nxg4 Kf7 33. Nf2 Na4 34. Nd1 Nb6 35. Ne3 Bc5 36. Bf2 Bxe3 37. Bxe3 Nxd5 38. Bd2 Nb6 39. b3 Ke6 40. Kf2 cxb3 41. axb3 a5 42. Ke2 a4 43. bxa4 bxa4 44. Kd3 Kd5 45. Kc2 Kc4 46. Bc1 Nd5 47. Kb2 Nxc3 48. Ka3 Kb5 49. Be3 Nd5 50. Bd2 Nf4 51. g3 Ne2 52. Be1 Nd4 0-1

[Event "Rio de Janeiro op 2nd"]
[Site "Rio de Janeiro"]
[Date "2023.05.04"]
[Round "5"]
[White "Prado Filho, Ricardo de Almeida"]
[Black "Bastos Seixas, Pedro Lucas"]
[Result "0-1"]
[WhiteElo "1834"]
[BlackElo "2055"]
[PlyCount "56"]
[EventDate "2023.05.02"]
[EventType "swiss"]
[EventRounds "9"]
[EventCountry "BRA"]
[SourceTitle "CBM 214 Extra"]
[Source "ChessBase"]
[SourceDate "2023.07.31"]
[SourceVersion "1"]
[SourceVersionDate "2023.07.31"]
[SourceQuality "1"]

1. d4 Nf6 2. c4 g6 3. Nc3 Bg7 4. e4 d6 5. f3 0-0 6. Bg5 c6 7. Qd2 a6 8. Bd3 b5 9. Nge2 Nbd7 10. 0-0 e5 11. d5 b4 12. Na4 cxd5 13. cxd5 Qa5 14. b3 Nc5 15. Nxc5 Qxc5+ 16. Be3 Qa5 17. Rfc1 Bd7 18. a3 Rab8 19. Rc4 Nxd5 20. exd5 e4 21. Ra2 exd3 22. Nf4 Bc3 23. Qxd3 Bb5 24. Qc2 Bxc4 25. axb4 Bxb3 26. Qxc3 Qxa2 27. Nh5 gxh5 28. Bh6 Qb1+ 0-1

[Event "Titled Tuesday intern op 18th Apr Early"]
[Site "Chess.com INT"]
[Date "2023.04.18"]
[Round "2"]
[White "Bagrationi, Alexander"]
[Black "Bastos Seixas, Pedro Lucas"]
[Result "1-0"]
[WhiteElo "2454"]
[BlackElo "2055"]
[PlyCount "65"]
[EventDate "2023.04.18"]
[EventType "swiss (blitz)"]
[EventRounds "11"]
[EventCountry "USA"]
[SourceTitle "EXT 2024"]
[Source "ChessBase"]
[SourceDate "2023.10.10"]
[SourceVersion "1"]
[SourceVersionDate "2023.10.10"]
[SourceQuality "1"]

1. d4 Nf6 2. c4 g6 3. Nc3 Bg7 4. e4 d6 5. h3 a6 6. g4 0-0 7. Nge2 b5 8. Ng3 b4 9. Nb1 c5 10. d5 e6 11. Bg2 exd5 12. cxd5 Re8 13. 0-0 Nbd7 14. Nd2 a5 15. a4 Ba6 16. Re1 c4 17. Bf1 Rc8 18. Nb3 Ne5 19. Nd4 Nd3 20. Bxd3 cxd3 21. Nc6 Qb6 22. Be3 Qc7 23. Bd4 Nd7 24. Bxg7 Kxg7 25. Qd2 Nc5 26. Qg5 Nd7 27. Nf5+ Kh8 28. Nh6 Rf8 29. Rac1 Qb6 30. Qe7 Nc5 31. Nxf7+ Rxf7 32. Qxf7 Rc7 33. Qf8# 1-0

[Event "Titled Tuesday intern op 18th Apr Early"]
[Site "Chess.com INT"]
[Date "2023.04.18"]
[Round "6"]
[White "Bastos Seixas, Pedro Lucas"]
[Black "Omariev, Maksim"]
[Result "0-1"]
[WhiteElo "2055"]
[BlackElo "2304"]
[PlyCount "100"]
[EventDate "2023.04.18"]
[EventType "swiss (blitz)"]
[EventRounds "11"]
[EventCountry "USA"]
[SourceTitle "EXT 2024"]
[Source "ChessBase"]
[SourceDate "2023.10.10"]
[SourceVersion "1"]
[SourceVersionDate "2023.10.10"]
[SourceQuality "1"]

1. d4 h5 2. Nf3 h4 3. h3 e6 4. Bg5 Be7 5. Qd2 d5 6. c4 b6 7. Nc3 Bb7 8. Bxe7 Nxe7 9. e3 Nd7 10. Rc1 c5 11. Nb5 Nf6 12. cxd5 Nexd5 13. dxc5 bxc5 14. Nc3 0-0 15. Bd3 Nb4 16. Bb1 Qxd2+ 17. Kxd2 Rfd8+ 18. Ke1 Nd3+ 19. Bxd3 Rxd3 20. a4 Rb8 21. Ke2 Ba6 22. Nb5 Rb3 23. Rxc5 Rxb2+ 24. Kd3 Rxf2 25. Nxh4 Ra2 26. Rhc1 Rxa4 27. Nf3 Rxb5 28. Rc6 Rb6+ 29. Kd2 Rxc6 30. Rxc6 Ne4+ 31. Kc2 g6 32. Nd4 Ra2+ 33. Kb3 Ra5 34. Kb4 Ra1 35. Nb3 Ra2 36. Nd4 Bf1 37. Rc8+ Kg7 38. Nc6 a5+ 39. Nxa5 Bxg2 40. Nc4 Nf6 41. Rc7 Nd5+ 42. Kc5 Nxc7 43. Nd6 Nd5 44. Nc4 Bxh3 45. Ne5 Rc2+ 46. Kd4 Rg2 47. Nd3 Rd2 48. Kc4 Rxd3 49. Kxd3 g5 50. Ke4 Kg6 0-1

[Event "Titled Tuesday intern op 04th Apr Early"]
[Site "Chess.com INT"]
[Date "2023.04.04"]
[Round "7"]
[White "Reprintsev, Alexander"]
[Black "Bastos Seixas, Pedro Lucas"]
[Result "1-0"]
[WhiteElo "2254"]
[BlackElo "2055"]
[PlyCount "51"]
[EventDate "2023.04.04"]
[EventType "swiss (blitz)"]
[EventRounds "11"]
[EventCountry "USA"]
[SourceTitle "EXT 2024"]
[Source "ChessBase"]
[SourceDate "2023.10.10"]
[SourceVersion "1"]
[SourceVersionDate "2023.10.10"]
[SourceQuality "1"]

1. e4 c5 2. b3 d6 3. Bb2 Nc6 4. f4 e5 5. Qf3 Nf6 6. Bb5 Qc7 7. Nc3 Bd7 8. Bxc6 Bxc6 9. d3 Be7 10. Nge2 0-0-0 11. 0-0 h6 12. fxe5 dxe5 13. Ng3 g6 14. Rf2 Rhf8 15. Nf1 Nh5 16. Ne3 f5 17. Ned5 Bxd5 18. Nxd5 Rxd5 19. exd5 Bh4 20. g3 Bf6 21. c4 f4 22. Re1 fxg3 23. hxg3 Bg7 24. Qg4+ Kb8 25. Rxf8+ Bxf8 26. Qxg6 1-0

[Event "Titled Tuesday intern op 7th Mar Early"]
[Site "Chess.com INT"]
[Date "2023.03.07"]
[Round "6"]
[White "Bastos Seixas, Pedro Lucas"]
[Black "Dinu, Dumitru Daniel"]
[Result "0-1"]
[WhiteElo "2072"]
[BlackElo "2203"]
[PlyCount "76"]
[EventDate "2023.03.07"]
[EventType "swiss (blitz)"]
[EventRounds "11"]
[EventCountry "USA"]
[SourceTitle "EXT 2024"]
[Source "ChessBase"]
[SourceDate "2023.10.10"]
[SourceVersion "1"]
[SourceVersionDate "2023.10.10"]
[SourceQuality "1"]

1. d4 Nf6 2. Nf3 e6 3. Bg5 h6 4. Bf4 d5 5. e3 c5 6. c3 Nc6 7. Bd3 Bd6 8. Bxd6 Qxd6 9. Qe2 e5 10. dxe5 Nxe5 11. Nxe5 Qxe5 12. Nd2 0-0 13. 0-0-0 a6 14. f3 b5 15. h4 Rb8 16. g4 b4 17. c4 d4 18. e4 Qf4 19. g5 Nh5 20. Kc2 Kh8 21. gxh6 Qxh6 22. Rdg1 Be6 23. Rg5 f6 24. Rd5 Bxd5 25. exd5 Ng3 26. Qh2 Nxh1 27. Qxh1 Rfe8 28. Qh2 a5 29. Qc7 a4 30. d6 b3+ 31. axb3 axb3+ 32. Nxb3 Qf4 33. Qxc5 Qh2+ 34. Nd2 Rxb2+ 35. Kxb2 Qxd2+ 36. Bc2 Qc3+ 37. Ka2 Ra8+ 38. Qa7 Rxa7+ 0-1

[Event "Titled Tuesday intern op 10th Jan Early"]
[Site "Chess.com INT"]
[Date "2023.01.10"]
[Round "8"]
[White "Baches Garcia, Guillermo"]
[Black "Bastos Seixas, Pedro Lucas"]
[Result "0-1"]
[WhiteElo "2326"]
[BlackElo "2072"]
[PlyCount "72"]
[EventDate "2023.01.10"]
[EventType "swiss (blitz)"]
[EventRounds "11"]
[EventCountry "USA"]
[SourceTitle "EXT 2024"]
[Source "ChessBase"]
[SourceDate "2023.10.10"]
[SourceVersion "1"]
[SourceVersionDate "2023.10.10"]
[SourceQuality "1"]

1. e4 c5 2. Nf3 d6 3. d4 cxd4 4. Nxd4 Nf6 5. Nc3 g6 6. g3 Bg7 7. Bg2 0-0 8. 0-0 Nc6 9. Nde2 a6 10. a4 Be6 11. Nd5 b5 12. axb5 axb5 13. Rxa8 Qxa8 14. Nc7 Qb7 15. Nxe6 fxe6 16. Nf4 e5 17. Ne6 Rc8 18. Nxg7 Kxg7 19. f4 h6 20. f5 g5 21. h4 Nh7 22. Qh5 Rg8 23. Qg6+ Kh8 24. Qxh6 gxh4 25. Qxh4 Nd4 26. Rf2 Qa7 27. Be3 Qa1+ 28. Bf1 Qe1 29. Bxd4 exd4 30. Qxe7 Rxg3+ 31. Rg2 Qe3+ 32. Kh1 Rh3+ 33. Rh2 Qf3+ 34. Kg1 Rg3+ 35. Rg2 Qe3+ 36. Kh1 Qf3 0-1

[Event "Titled Tuesday intern op 10th Jan Early"]
[Site "Chess.com INT"]
[Date "2023.01.10"]
[Round "5"]
[White "Bastos Seixas, Pedro Lucas"]
[Black "Souza, Gustavo Horokoski"]
[Result "1-0"]
[WhiteElo "2072"]
[BlackElo "1943"]
[PlyCount "87"]
[EventDate "2023.01.10"]
[EventType "swiss (blitz)"]
[EventRounds "11"]
[EventCountry "USA"]
[SourceTitle "EXT 2024"]
[Source "ChessBase"]
[SourceDate "2023.10.10"]
[SourceVersion "1"]
[SourceVersionDate "2023.10.10"]
[SourceQuality "1"]

1. d4 Nf6 2. Nf3 g6 3. Bg5 Bg7 4. e3 0-0 5. Bd3 c5 6. 0-0 b6 7. Qe2 Bb7 8. Nbd2 d6 9. c3 Nbd7 10. Rfe1 h6 11. Bh4 g5 12. Bg3 Nh5 13. dxc5 Nxc5 14. Bc2 Nxg3 15. hxg3 Rc8 16. Rad1 Rc7 17. e4 Qa8 18. e5 dxe5 19. Nxe5 Bxg2 20. f3 Bh3 21. g4 h5 22. b4 Ne6 23. Qd3 f5 24. Ng6 Rd8 25. Qxf5 Nf4 26. Nxf4 gxf4 27. Qh7+ Kf8 28. Qxh5 Rxc3 29. Bb3 Bd4+ 30. Kh2 Rxb3 31. Nxb3 Qxf3 32. Qxh3 Qf2+ 33. Kh1 Kg7 34. Nxd4 Rh8 35. Nf5+ Kg8 36. Rd8+ Kf7 37. Rxe7+ Kf6 38. Qxh8+ Kg5 39. Qh6+ Kxg4 40. Rg7+ Kf3 41. Qh5+ Ke4 42. Re8+ Kd3 43. Rd7+ Kc4 44. Qe2+ 1-0

[Event "Titled Tuesday intern op 10th Jan Early"]
[Site "Chess.com INT"]
[Date "2023.01.10"]
[Round "9"]
[White "Gheorghiu, Calin"]
[Black "Bastos Seixas, Pedro Lucas"]
[Result "1-0"]
[WhiteElo "2317"]
[BlackElo "2072"]
[PlyCount "65"]
[EventDate "2023.01.10"]
[EventType "swiss (blitz)"]
[EventRounds "11"]
[EventCountry "USA"]
[SourceTitle "EXT 2024"]
[Source "ChessBase"]
[SourceDate "2023.10.10"]
[SourceVersion "1"]
[SourceVersionDate "2023.10.10"]
[SourceQuality "1"]

1. b3 Nc6 2. Bb2 e5 3. e3 f5 4. Bb5 d6 5. d4 exd4 6. Qxd4 Bd7 7. Qd2 Nf6 8. Nc3 g6 9. Nge2 Bg7 10. 0-0-0 0-0 11. h4 a6 12. Bc4+ Kh8 13. h5 Nxh5 14. Rxh5 gxh5 15. Nf4 Qg5 16. Rh1 h4 17. g3 Ne5 18. Bd5 c6 19. gxh4 Qe7 20. Bg2 Be8 21. h5 h6 22. Nce2 Rd8 23. Nd4 Bf7 24. Nxf5 Qg5 25. Nxg7 Qxg7 26. Be4 Rfe8 27. Bg6 Bxg6 28. Nxg6+ Kh7 29. f4 Rd7 30. Rd1 Nf3 31. Qd3 Ne5 32. Nxe5+ Kh8 33. Nxd7 1-0

[Event "Florianopolis op 4th"]
[Site "Florianopolis"]
[Date "2018.01.22"]
[Round "6"]
[White "Bastos Seixas, Pedro Lucas"]
[Black "Feller, Gabriela Luisa Vice"]
[Result "1-0"]
[WhiteElo "2041"]
[BlackElo "1680"]
[PlyCount "51"]
[EventDate "2018.01.19"]
[EventType "swiss"]
[EventRounds "10"]
[EventCountry "BRA"]
[SourceTitle "EXT 2019"]
[Source "ChessBase"]
[SourceDate "2018.10.10"]
[SourceVersion "1"]
[SourceVersionDate "2018.10.10"]
[SourceQuality "1"]

1. d4 Nf6 2. Nf3 g6 3. b3 Bg7 4. Bb2 0-0 5. Nbd2 d6 6. e3 Nbd7 7. Be2 c6 8. 0-0 Qc7 9. c4 e5 10. Qc2 Ne8 11. dxe5 dxe5 12. Rfd1 f5 13. e4 f4 14. Ng5 Nb8 15. c5 Qe7 16. h4 Bf6 17. Ngf3 Bg4 18. Nc4 Nd7 19. b4 Bxf3 20. Bxf3 Bxh4 21. Qb3 Kh8 22. Rxd7 Qxd7 23. Nxe5 Bxf2+ 24. Kf1 Qd4 25. Bxd4 Bxd4 26. Nf7+ 1-0

[Event "Botafogo Fexerj op"]
[Site "Botafogo"]
[Date "2015.01.23"]
[Round "1"]
[White "Bastos Seixas, Pedro Lucas"]
[Black "Barros, Jose Claide Teixeir"]
[Result "1-0"]
[WhiteElo "2012"]
[BlackElo "1799"]
[PlyCount "71"]
[EventDate "2015.01.23"]
[EventType "swiss"]
[EventRounds "6"]
[EventCountry "BRA"]
[SourceTitle "CBM 164 Extra"]
[Source "ChessBase"]
[SourceDate "2015.03.02"]
[SourceVersion "1"]
[SourceVersionDate "2015.03.02"]
[SourceQuality "1"]

1. e4 e5 2. Nf3 Nc6 3. Bc4 Nf6 4. d4 d6 5. dxe5 Nxe5 6. Nxe5 dxe5 7. Bxf7+ Ke7 8. Qxd8+ Kxd8 9. f3 Bc5 10. Nc3 Ke7 11. Bb3 c6 12. Ke2 b5 13. Be3 Bd4 14. Rhd1 Rd8 15. Kf2 a5 16. a4 b4 17. Bxd4 exd4 18. Ne2 c5 19. Nf4 Bb7 20. Nd3 Rac8 21. Bc4 Rf8 22. Kg1 Nd7 23. Bb5 Rf6 24. c3 bxc3 25. bxc3 c4 26. Bxd7 Kxd7 27. Ne5+ Ke7 28. cxd4 Rb6 29. Rdc1 Rb4 30. Rc3 Ba6 31. d5 Bb7 32. Rac1 Kf6 33. Nxc4 Rxa4 34. e5+ Ke7 35. Nb6 Rxc3 36. Rxc3 1-0

[Event "Sao Paulo Braga Memorial 3rd"]
[Site "Sao Paulo"]
[Date "2014.12.12"]
[Round "1"]
[White "Bastos Seixas, Pedro Lucas"]
[Black "Sangiovanni, Marcello Gouveia"]
[Result "1-0"]
[WhiteElo "1965"]
[BlackElo "1494"]
[PlyCount "89"]
[EventDate "2014.12.12"]
[EventType "swiss"]
[EventRounds "6"]
[EventCountry "BRA"]
[SourceTitle "EXT 2016"]
[Source "ChessBase"]
[SourceDate "2015.10.08"]
[SourceVersion "1"]
[SourceVersionDate "2015.10.08"]
[SourceQuality "1"]

1. e4 e5 2. Nf3 Nf6 3. Nxe5 d6 4. Nf3 Nxe4 5. Nc3 Nf6 6. d4 Be6 7. Be3 d5 8. Bd3 Nc6 9. a3 h6 10. h3 Bd6 11. Qd2 Qd7 12. 0-0-0 a6 13. g4 b5 14. g5 hxg5 15. Nxg5 Bxh3 16. Bf4 0-0-0 17. Bxd6 cxd6 18. Qf4 Be6 19. Rhe1 Rhf8 20. Re3 Nh5 21. Qh4 Rh8 22. Rde1 Nf6 23. Qf4 Nh5 24. Qh4 Nf6 25. Qg3 Nxd4 26. Qf4 Qa7 27. a4 b4 28. Ne2 Nxe2+ 29. R3xe2 b3 30. Nxe6 fxe6 31. Rxe6 Qc5 32. R6e3 bxc2 33. Bxc2 d4 34. Rd3 Qb4 35. Red1 Rhf8 36. Rxd4 Qb6 37. Bf5+ Rd7 38. Qxd6 Qd8 39. Qxa6+ Kb8 40. Rb4+ Qb6 41. Rxb6+ Kc7 42. Rb7+ Kd8 43. Rdxd7+ Nxd7 44. Rxd7+ Ke8 45. Qe6# 1-0